000 00637nam a22002173a 4500
001 47365
003 BD-RjUL
005 20211209054312.0
008 160808r19471944enk 000 0 eng d
035 _aOCLC pks03450527 from D960524K
_a(BD-RjUL)47484
040 _aEQO
_cEQO
_beng
_dBD-RjUL
041 _aeng
082 _223
_a371.102
_bKET 1947
100 1 _aKennedy, Alexander.
_9144111
245 1 4 _aThe teacher in the making /
_cAlexander Kennedy
250 _a2nd ed., revised
260 _aLondon :
_aOliver and Boyd,
_c1944
_b[Reprinted 1947]
300 _axv, 159 p. ;
_c23 cm.
650 _aTeaching
_9144112
942 _2ddc
_cBK
999 _c47365
_d47365